| 000 | 00386pab a2200133 454500 | ||
|---|---|---|---|
| 008 | 180718b2004 xxu||||| |||| 00| 0 eng d | ||
| 100 | _aMoore, David | ||
| 245 | _aThe second age of the Third World: from primitive accumulation to global public goods? | ||
| 260 | _c2004 | ||
| 300 | _ap.87-109. | ||
| 650 | _aInternational relations | ||
| 773 | _aThird World Quarterly | ||
| 909 | _a60310 | ||
| 999 |
_c60310 _d60310 |
||